[Event "EU-ch Blitz"]
[Site "Skopje"]
[Date "2024.12.09"]
[Round "7"]
[White "Laurusas, Tomas"]
[Black "Oliinyk, Serafym"]
[Result "1-0"]
[WhiteElo "2578"]
[BlackElo "2207"]
[PlyCount "49"]
[EventDate "2024.12.09"]
[EventType "swiss (blitz)"]
[EventRounds "13"]
[EventCountry "MKD"]
[SourceTitle "CB50_2024"]
[SourceDate "2024.11.01"]
[SourceVersion "1"]
[SourceVersionDate "2024.11.01"]
[SourceQuality "2"]

1. d4 d5 2. c4 e6 3. Nf3 Nf6 4. g3 Be7 5. Bg2 0-0 6. 0-0 dxc4 7. Qc2 b5 8. a4 Bb7 9. axb5 a6 10. Nc3 axb5 11. Rxa8 Bxa8 12. Nxb5 Bd5 13. Nc3 Bxf3 14. Bxf3 Qxd4 15. Be3 Qe5 16. Qa4 Nd5 17. Bd2 Nb6 18. Qa7 Bd6 19. Rd1 Rd8 20. Bf4 Qc5 21. Ne4 Qb5 22. Nxd6 cxd6 23. Rxd6 Re8 24. Rxb6 Qc5 25. Rxb8 1-0

[Event "EU-ch Blitz"]
[Site "Skopje"]
[Date "2024.12.09"]
[Round "11"]
[White "Laurusas, Tomas"]
[Black "Trapp, Maximilian"]
[Result "1-0"]
[WhiteElo "2578"]
[BlackElo "2050"]
[PlyCount "109"]
[EventDate "2024.12.09"]
[EventType "swiss (blitz)"]
[EventRounds "13"]
[EventCountry "MKD"]
[SourceTitle "CB50_2024"]
[SourceDate "2024.11.01"]
[SourceVersion "1"]
[SourceVersionDate "2024.11.01"]
[SourceQuality "2"]

1. d4 d5 2. c4 e6 3. Nf3 Nf6 4. Nc3 Be7 5. Bg5 0-0 6. e3 c6 7. Rc1 Nbd7 8. a3 Re8 9. h3 a6 10. cxd5 exd5 11. Bf4 Nf8 12. Bd3 Ng6 13. Bh2 Bd6 14. Bxd6 Qxd6 15. 0-0 Bd7 16. Qc2 Rad8 17. b4 a5 18. Rb1 axb4 19. axb4 b5 20. Nd2 Be6 21. Nb3 Nd7 22. Nc5 Nxc5 23. dxc5 Qe5 24. Ne2 Bd7 25. Bxg6 hxg6 26. Ra1 Ra8 27. Qc3 Qg5 28. Kh2 Qh5 29. Nd4 g5 30. Kg1 g4 31. hxg4 Qxg4 32. Rxa8 Rxa8 33. Ra1 Rc8 34. Qc2 Qg5 35. Ra6 Bh3 36. f4 Qg3 37. Qf2 Qg6 38. Rxc6 Rxc6 39. Nxc6 Qxc6 40. gxh3 Qg6+ 41. Kh2 Qb1 42. Qd2 Qb3 43. Qc1 d4 44. c6 Qa2+ 45. Kh1 Qd5+ 46. Kg1 Qf3 47. c7 Qg3+ 48. Kf1 Qxh3+ 49. Ke1 Qg3+ 50. Ke2 d3+ 51. Kxd3 Qg6+ 52. Kc3 Qf6+ 53. Kb3 Qe6+ 54. Kb2 Qf6+ 55. Qc3 1-0

[Event "EU-ch Blitz"]
[Site "Skopje"]
[Date "2024.12.09"]
[Round "6"]
[White "Uruci, Besim"]
[Black "Laurusas, Tomas"]
[Result "0-1"]
[WhiteElo "2095"]
[BlackElo "2578"]
[PlyCount "38"]
[EventDate "2024.12.09"]
[EventType "swiss (blitz)"]
[EventRounds "13"]
[EventCountry "MKD"]
[SourceTitle "CB50_2024"]
[SourceDate "2024.11.01"]
[SourceVersion "1"]
[SourceVersionDate "2024.11.01"]
[SourceQuality "2"]

1. Nf3 d5 2. d4 c5 3. c3 Bf5 4. Bf4 e6 5. e3 Nc6 6. Nbd2 Qb6 7. Qb3 c4 8. Qa4 Qxb2 9. Qd1 Bc2 10. Qc1 Ba3 11. Qxb2 Bxb2 12. Rb1 Bxb1 13. Nxb1 b5 14. Be2 Nf6 15. Nfd2 a5 16. 0-0 b4 17. Bf3 Kd7 18. e4 bxc3 19. exd5 exd5 0-1

[Event "Bundesliga 2425"]
[Site "Germany"]
[Date "2024.11.30"]
[Round "3.2"]
[White "Kasimdzhanov, Rustam"]
[Black "Laurusas, Tomas"]
[Result "1/2-1/2"]
[WhiteElo "2685"]
[BlackElo "2569"]
[PlyCount "84"]
[EventDate "2024.09.28"]
[EventType "team-tourn"]
[EventRounds "15"]
[EventCountry "GER"]
[SourceTitle "CB49_2024"]
[SourceDate "2024.12.04"]
[SourceVersion "1"]
[SourceVersionDate "2024.12.04"]
[SourceQuality "1"]
[WhiteTeam "Baden-Baden"]
[BlackTeam "Bad Mergentheim"]
[WhiteTeamCountry "GER"]
[BlackTeamCountry "GER"]

1. c4 c6 2. d4 d5 3. Nc3 Nf6 4. e3 g6 5. Nf3 Bg7 6. Be2 0-0 7. 0-0 a6 8. a4 a5 9. b3 Bg4 10. h3 Bxf3 11. Bxf3 e6 12. Ba3 Re8 13. Qc2 Bf8 14. Bb2 Nbd7 15. Rad1 Bg7 16. g3 Qb6 17. Bg2 Qa6 18. Nb1 Rac8 19. Rfe1 Red8 20. Nd2 Qb6 21. Bc3 Qc7 22. Rc1 Ra8 23. Red1 h5 24. Bb2 Qb6 25. Nf3 Rac8 26. Ne1 Ra8 27. Bc3 Qc7 28. Nd3 Nb6 29. Be1 Nc8 30. Rb1 Nd6 31. Rdc1 Ra7 32. Qe2 Rda8 33. g4 hxg4 34. hxg4 Qe7 35. f3 Nd7 36. Bg3 Re8 37. Ne5 Rd8 38. Qf2 Raa8 39. Bf1 Ne8 40. Nd3 e5 41. cxd5 cxd5 42. Kg2 Rac8 1/2-1/2